| 000 | 00741nam a22001337a 4500 | ||
|---|---|---|---|
| 040 | _cRUA | ||
| 082 | _aAGR CHE 2012 B053 Or.4 | ||
| 100 | _aCHEA, THEANY. | ||
| 245 | _athe occurence and ecology of riceparasitic nematode in baray district, kampong thom province (ការសិក្សាពីវត្តមាន និង បរិស្ថានរស់នៅរបស់ណេម៉ាតូតបំផ្លាញលើដំណាំស្រូវនៅក្នុងស្រុកបារាយណ៍ខេត្តកំពង់ធំ) | ||
| 260 |
_aPhnom Penh _bRUA _c2012 |
||
| 300 |
_avii, 34p. _bill. _c29cm. |
||
| 856 | _uhttps://drive.google.com/file/d/1xLgsbN-6C6srbay-AanSiofQLcdKTwT-/view?usp=sharing | ||
| 942 | _cAGR | ||
| 999 |
_c1446 _d1446 |
||